[Event "RF-2017-0-00395"]
[Site "LSS email"]
[Date "2017.07.03"]
[Round "?"]
[White "Hernandez, Yordan"]
[Black "Rada, Karel"]
[Result "1-0"]
[WhiteElo "1595"]
[BlackElo "1247"]
[PlyCount "25"]
[EventDate "2017.06.19"]
[EventType "tourn (corr)"]
[EventRounds "6"]
[EventCountry "GER"]
[SourceTitle "Corr 2022"]
[Source "ChessBase"]
[SourceDate "2021.10.24"]
[SourceVersion "1"]
[SourceVersionDate "2021.10.24"]
[SourceQuality "1"]

1. d4 Nf6 2. Nf3 g6 3. Bg5 Bg7 4. Nbd2 0-0 5. c3 d6 6. e4 c5 7. dxc5 dxc5 8. Bc4 Nc6 9. Qe2 Qc7 10. 0-0 h6 11. Bxf6 exf6 12. Nh4 Kh7 13. f4 1-0

[Event "RF-2017-0-00395"]
[Site "LSS email"]
[Date "2017.07.03"]
[Round "?"]
[White "Trzebiatowski, Krzysztof"]
[Black "Rada, Karel"]
[Result "1-0"]
[WhiteElo "2061"]
[BlackElo "1247"]
[PlyCount "33"]
[EventDate "2017.06.19"]
[EventType "tourn (corr)"]
[EventRounds "6"]
[EventCountry "GER"]
[SourceTitle "Corr 2022"]
[Source "ChessBase"]
[SourceDate "2021.10.24"]
[SourceVersion "1"]
[SourceVersionDate "2021.10.24"]
[SourceQuality "1"]

1. Nf3 Nf6 2. g3 g6 3. Bg2 Bg7 4. 0-0 0-0 5. d3 c5 6. Nbd2 Nc6 7. Re1 d6 8. e4 Rb8 9. e5 Ng4 10. exd6 exd6 11. c3 Nge5 12. Nxe5 Nxe5 13. Ne4 h6 14. h3 Be6 15. d4 cxd4 16. cxd4 Nc4 17. b3 1-0

[Event "RF-2017-0-00392"]
[Site "LSS email"]
[Date "2017.06.21"]
[Round "?"]
[White "Rada, Karel"]
[Black "Freitas, Paulo"]
[Result "1-0"]
[WhiteElo "1226"]
[BlackElo "1406"]
[PlyCount "57"]
[EventDate "2017.06.10"]
[EventType "tourn (corr)"]
[EventRounds "6"]
[EventCountry "GER"]
[SourceTitle "Corr 2022"]
[Source "ChessBase"]
[SourceDate "2021.10.24"]
[SourceVersion "1"]
[SourceVersionDate "2021.10.24"]
[SourceQuality "1"]

1. e4 c5 2. c3 d6 3. d4 b6 4. dxc5 bxc5 5. Qd5 Nc6 6. Qxc6+ Bd7 7. Bb5 Nf6 8. Qb7 Bxb5 9. Qxb5+ Qd7 10. Qxd7+ Nxd7 11. f4 g6 12. Nf3 Bg7 13. 0-0 0-0 14. Na3 Rab8 15. Nc4 Nb6 16. Nxb6 axb6 17. c4 Ra8 18. a3 Ra4 19. Nd2 Rfa8 20. Rb1 Bd4+ 21. Kh1 Be3 22. b3 R4a6 23. a4 e6 24. Nf3 Bxc1 25. Rbxc1 Rd8 26. Rcd1 Raa8 27. Rd2 Ra7 28. Rfd1 f6 29. Rxd6 1-0

[Event "RF-2017-0-00384"]
[Site "LSS email"]
[Date "2017.05.24"]
[Round "?"]
[White "Feng, Jason"]
[Black "Rada, Karel"]
[Result "0-1"]
[WhiteElo "1080"]
[BlackElo "1144"]
[PlyCount "24"]
[EventDate "2017.05.01"]
[EventType "tourn (corr)"]
[EventRounds "6"]
[EventCountry "GER"]
[SourceTitle "Corr 2022"]
[Source "ChessBase"]
[SourceDate "2021.10.24"]
[SourceVersion "1"]
[SourceVersionDate "2021.10.24"]
[SourceQuality "1"]

1. e4 e5 2. Nf3 Nc6 3. Bc4 Bc5 4. c3 Nf6 5. d4 exd4 6. e5 d5 7. Bb5 Ne4 8. cxd4 Bb6 9. Nc3 0-0 10. Bxc6 bxc6 11. h3 f5 12. Bg5 Nxg5 0-1

[Event "RF-2017-0-00383"]
[Site "LSS email"]
[Date "2017.05.16"]
[Round "?"]
[White "Lauer, Frederic"]
[Black "Rada, Karel"]
[Result "0-1"]
[WhiteElo "1140"]
[BlackElo "1152"]
[PlyCount "54"]
[EventDate "2017.04.24"]
[EventType "tourn (corr)"]
[EventRounds "6"]
[EventCountry "GER"]
[SourceTitle "Corr 2022"]
[Source "ChessBase"]
[SourceDate "2021.10.24"]
[SourceVersion "1"]
[SourceVersionDate "2021.10.24"]
[SourceQuality "1"]

1. Nc3 d5 2. e4 d4 3. Nce2 g6 4. d3 Bg7 5. f4 c5 6. Nf3 Nc6 7. Ng3 Nf6 8. h3 b5 9. Be2 Qb6 10. 0-0 0-0 11. b3 c4 12. bxc4 bxc4 13. Bd2 c3 14. Be1 Bd7 15. Bf2 Ne8 16. Qb1 Qc7 17. e5 Rb8 18. Qc1 f6 19. Nxd4 fxe5 20. Nxc6 Bxc6 21. fxe5 Bxe5 22. Ne4 Nf6 23. Nxf6+ Rxf6 24. Rb1 Bh2+ 25. Kh1 Bxg2+ 26. Kxg2 Rxf2+ 27. Kh1 Qc6+ 0-1

[Event "RF-2017-0-00375"]
[Site "LSS email"]
[Date "2017.04.18"]
[Round "?"]
[White "Rada, Karel"]
[Black "Lenz, Juergen"]
[Result "1-0"]
[WhiteElo "1113"]
[BlackElo "1061"]
[PlyCount "71"]
[EventDate "2017.03.14"]
[EventType "tourn (corr)"]
[EventRounds "6"]
[EventCountry "GER"]
[SourceTitle "Corr 2022"]
[Source "ChessBase"]
[SourceDate "2021.10.24"]
[SourceVersion "1"]
[SourceVersionDate "2021.10.24"]
[SourceQuality "1"]

1. e4 Nf6 2. e5 Nd5 3. c4 Nb6 4. d4 d6 5. f4 g6 6. Nc3 Bg7 7. Nf3 0-0 8. Be3 dxe5 9. Nxe5 N8d7 10. Be2 Nxe5 11. dxe5 Be6 12. b3 Qxd1+ 13. Rxd1 c6 14. Ne4 Rad8 15. 0-0 f6 16. Nc5 Bc8 17. e6 f5 18. g4 Rd6 19. gxf5 gxf5 20. Bf3 Rfd8 21. Kf2 Rxd1 22. Rxd1 Rxd1 23. Bxd1 Bc3 24. Bc2 Kg7 25. Bxf5 h6 26. Kf3 Kf6 27. Bh3 Bb4 28. Nd7+ Kg7 29. Bd4+ Kg8 30. Nxb6 axb6 31. Bxb6 Bc3 32. Ke4 Kg7 33. Kf5 Bb2 34. Bg4 Bc3 35. Bh5 Bb2 36. Be8 1-0

[Event "RF-2017-0-00377"]
[Site "LSS email"]
[Date "2017.04.15"]
[Round "?"]
[White "Rada, Karel"]
[Black "Hickl, Norbert"]
[Result "0-1"]
[WhiteElo "1110"]
[BlackElo "1035"]
[PlyCount "70"]
[EventDate "2017.03.30"]
[EventType "tourn (corr)"]
[EventRounds "6"]
[EventCountry "GER"]
[SourceTitle "Corr 2022"]
[Source "ChessBase"]
[SourceDate "2021.10.24"]
[SourceVersion "1"]
[SourceVersionDate "2021.10.24"]
[SourceQuality "1"]

1. e4 e6 2. d4 d5 3. e5 c5 4. c3 Nc6 5. Nf3 Qb6 6. Be2 Bd7 7. 0-0 c4 8. Kh1 Na5 9. Ng1 Ne7 10. Na3 Nc8 11. Nc2 Ba4 12. f4 Qc7 13. g4 Nb6 14. f5 0-0-0 15. f6 gxf6 16. Rxf6 Bg7 17. Rf1 Rdf8 18. g5 h6 19. Bg4 hxg5 20. Bxg5 Kb8 21. Qe2 Nc6 22. Bf6 Bxf6 23. Rxf6 Nd7 24. Rf2 Ncxe5 25. dxe5 Nxe5 26. Nd4 Nd3 27. Rff1 Rfg8 28. Bxe6 fxe6 29. Nxe6 Qd6 30. Nd4 Bd7 31. Ngf3 Bh3 32. Rg1 Nf4 33. Rxg8+ Rxg8 34. Qe5 Bg2+ 35. Kg1 Bxf3+ 0-1

[Event "RN-2017-0-01277"]
[Site "LSS email"]
[Date "2017.04.13"]
[Round "?"]
[White "Pauk, Jozef"]
[Black "Rada, Karel"]
[Result "0-1"]
[WhiteElo "757"]
[BlackElo "1100"]
[PlyCount "130"]
[EventDate "2017.04.03"]
[EventType "tourn (corr)"]
[EventRounds "6"]
[EventCountry "GER"]
[SourceTitle "Corr 2022"]
[Source "ChessBase"]
[SourceDate "2021.10.24"]
[SourceVersion "1"]
[SourceVersionDate "2021.10.24"]
[SourceQuality "1"]

1. Nf3 g6 2. d4 Nf6 3. Bf4 Nh5 4. Bg3 Nxg3 5. hxg3 Bg7 6. e3 d5 7. c3 Bg4 8. Be2 Nd7 9. Rh4 Nf6 10. Ng5 Bxe2 11. Qxe2 c6 12. Nd2 h6 13. Ngf3 Qb6 14. b4 a5 15. b5 c5 16. Rb1 c4 17. e4 0-0 18. Qe3 Rad8 19. e5 Nh7 20. a4 f6 21. exf6 exf6 22. Qf4 g5 23. Qf5 gxh4 24. Nxh4 Rfe8+ 25. Kf1 Ng5 26. Qg6 Qe6 27. Nf5 Rd7 28. Nxh6+ Kf8 29. Nf3 Ne4 30. Kg1 Bxh6 31. Qxh6+ Ke7 32. b6 Kd8 33. Re1 Qg4 34. Nh4 Rg8 35. f3 Qxg3 36. Rf1 Nxc3 37. Rf2 Nxa4 38. Qxf6+ Kc8 39. Nf5 Qg5 40. Nd6+ Kb8 41. Qf5 Qxf5 42. Nxf5 Nxb6 43. Ne3 a4 44. Ng4 Rxg4 45. fxg4 Rg7 46. Rf6 Kc7 47. Rf4 a3 48. Rf3 Rxg4 49. Rxa3 Rxd4 50. Kf1 Nd7 51. Ke2 b5 52. Ra7+ Kc6 53. Ra1 c3 54. Rc1 b4 55. Ke3 Rc4 56. Kd3 Ne5+ 57. Kc2 d4 58. Rd1 d3+ 59. Kb3 Kd5 60. Ra1 c2 61. Rc1 Kd4 62. g3 Rc3+ 63. Kb2 b3 64. Rf1 d2 65. Rf4+ Kd3 0-1

[Event "RN-2017-0-01277"]
[Site "LSS email"]
[Date "2017.04.13"]
[Round "?"]
[White "Vontina, Maria"]
[Black "Rada, Karel"]
[Result "0-1"]
[WhiteElo "778"]
[BlackElo "1100"]
[PlyCount "38"]
[EventDate "2017.04.03"]
[EventType "tourn (corr)"]
[EventRounds "6"]
[EventCountry "GER"]
[SourceTitle "Corr 2022"]
[Source "ChessBase"]
[SourceDate "2021.10.24"]
[SourceVersion "1"]
[SourceVersionDate "2021.10.24"]
[SourceQuality "1"]

1. e4 e5 2. Nf3 Nc6 3. Bb5 a6 4. Ba4 Nf6 5. 0-0 b5 6. Bb3 Bc5 7. d3 d6 8. Bg5 h6 9. Bh4 g5 10. Bg3 Bg4 11. Nbd2 Nh5 12. Qe1 Nxg3 13. hxg3 Qf6 14. Bd5 Kd7 15. a4 b4 16. c3 Raf8 17. Nc4 Bxf3 18. gxf3 Qxf3 19. Qd1 Qxg3+ 0-1

[Event "RF-2017-0-00367"]
[Site "LSS email"]
[Date "2017.02.26"]
[Round "?"]
[White "Rada, Karel"]
[Black "Chura, Michal"]
[Result "0-1"]
[WhiteElo "1113"]
[BlackElo "1126"]
[PlyCount "88"]
[EventDate "2017.02.07"]
[EventType "tourn (corr)"]
[EventRounds "6"]
[EventCountry "GER"]
[SourceTitle "Corr 2022"]
[Source "ChessBase"]
[SourceDate "2021.10.24"]
[SourceVersion "1"]
[SourceVersionDate "2021.10.24"]
[SourceQuality "1"]

1. e4 c5 2. c3 Nc6 3. d4 e6 4. Be3 cxd4 5. cxd4 Bb4+ 6. Nc3 Nf6 7. Bd3 d5 8. e5 Nd7 9. f4 Qa5 10. Nge2 0-0 11. 0-0 f5 12. exf6 Nxf6 13. a3 Bxc3 14. Nxc3 a6 15. b4 Qc7 16. Rc1 Qe7 17. Na4 Qd8 18. Nc5 Rf7 19. h3 b6 20. Nxe6 Bxe6 21. Rxc6 Re7 22. Bd2 Ne4 23. f5 Bd7 24. Rc1 Qf8 25. Be1 Rae8 26. Bh4 Rf7 27. Rc7 Qd6 28. Qc2 Qh6 29. Be1 Qe3+ 30. Kh1 Qxd4 31. f6 Nxf6 32. Bc3 Qh4 33. Bxf6 gxf6 34. Qd2 Ree7 35. Bxa6 Qh5 36. Rf3 Qe5 37. Rc1 Bf5 38. Bc8 Be4 39. Rf4 Rc7 40. Rg4+ Rg7 41. Rxc7 Qxc7 42. Be6+ Kh8 43. Rxg7 Qxg7 44. Bxd5 Qd7 0-1

[Event "RF-2017-0-00367"]
[Site "LSS email"]
[Date "2017.02.26"]
[Round "?"]
[White "Raines, David T"]
[Black "Rada, Karel"]
[Result "0-1"]
[WhiteElo "1135"]
[BlackElo "1113"]
[PlyCount "112"]
[EventDate "2017.02.07"]
[EventType "tourn (corr)"]
[EventRounds "6"]
[EventCountry "GER"]
[SourceTitle "Corr 2022"]
[Source "ChessBase"]
[SourceDate "2021.10.24"]
[SourceVersion "1"]
[SourceVersionDate "2021.10.24"]
[SourceQuality "1"]

1. d4 Nf6 2. Nf3 g6 3. Bf4 Bg7 4. c3 c5 5. e3 Nc6 6. h3 d6 7. Nbd2 0-0 8. Be2 b6 9. 0-0 Bb7 10. d5 Nxd5 11. Bh2 Nf6 12. e4 Nd7 13. Nc4 b5 14. Ne3 a6 15. Nd5 Nb6 16. Qd2 Re8 17. Rfd1 Nxd5 18. exd5 Na7 19. a4 Qb6 20. a5 Qc7 21. c4 Rab8 22. Bf4 Bc8 23. Bh6 Bh8 24. Ra2 bxc4 25. Bxc4 Nb5 26. Qf4 Nd4 27. Ng5 Nf5 28. Nf3 Rxb2 29. Rxb2 Bxb2 30. g4 Ng7 31. Rb1 Bc3 32. Qc1 Qxa5 33. Rb3 Bf6 34. Bd2 Qc7 35. Ra3 e5 36. dxe6 Nxe6 37. Bd5 Bb7 38. Qc4 Bxd5 39. Qxd5 Nd4 40. Nxd4 Bxd4 41. Bf4 Qe7 42. Rf3 Qe4 43. Qxe4 Rxe4 44. Bxd6 Re8 45. Ra3 Ra8 46. Ra5 Kg7 47. Bxc5 Bxc5 48. Rxc5 a5 49. Rc3 a4 50. Ra3 Kf6 51. f4 Ke6 52. Kf2 Kd5 53. Ke3 Kc4 54. Kd2 Kb4 55. Ra1 a3 56. Kc2 Rc8+ 0-1

[Event "LSS No Engine Cup 166 Preliminary 0"]
[Site "LSS email"]
[Date "2017.01.30"]
[Round "?"]
[White "Brough, Carl"]
[Black "Rada, Karel"]
[Result "0-1"]
[WhiteElo "926"]
[BlackElo "1450"]
[PlyCount "72"]
[EventDate "2017.01.31"]
[EventType "tourn (corr)"]
[EventRounds "6"]
[EventCountry "GER"]
[SourceTitle "Corr 2022"]
[Source "ChessBase"]
[SourceDate "2021.10.24"]
[SourceVersion "1"]
[SourceVersionDate "2021.10.24"]
[SourceQuality "1"]

1. d4 Nf6 2. c4 c5 3. d5 b5 4. cxb5 a6 5. e3 g6 6. Nc3 Bg7 7. Bd3 0-0 8. Nf3 Bb7 9. 0-0 axb5 10. e4 d6 11. Nxb5 Nbd7 12. Bf4 Nh5 13. Bg3 Nxg3 14. fxg3 Bxb2 15. Rb1 Bg7 16. a3 Qb6 17. Kh1 Qa5 18. Ng5 Ne5 19. Be2 Ba6 20. a4 Bc8 21. Qc2 Qxa4 22. Qxa4 Rxa4 23. Nc3 Ra7 24. Rb6 Bd7 25. h3 h6 26. Nf3 Nxf3 27. Bxf3 Bxc3 28. Rfb1 Be5 29. Kh2 h5 30. h4 Rfa8 31. Rb7 e6 32. Rxa7 Rxa7 33. Rb6 exd5 34. exd5 Ra4 35. Rb8+ Kg7 36. Rb1 Rxh4+ 0-1

[Event "LSS No Engine Cup 166 Preliminary 0"]
[Site "LSS email"]
[Date "2017.01.30"]
[Round "?"]
[White "Rada, Karel"]
[Black "Stefanski, Robert"]
[Result "1-0"]
[WhiteElo "1450"]
[BlackElo "1806"]
[PlyCount "29"]
[EventDate "2017.01.31"]
[EventType "tourn (corr)"]
[EventRounds "6"]
[EventCountry "GER"]
[SourceTitle "Corr 2022"]
[Source "ChessBase"]
[SourceDate "2021.10.24"]
[SourceVersion "1"]
[SourceVersionDate "2021.10.24"]
[SourceQuality "1"]

1. e4 d5 2. exd5 Qxd5 3. Nc3 Qd8 4. d4 Nf6 5. Bc4 c6 6. Nf3 Bf5 7. 0-0 e6 8. Ne5 Be7 9. Be3 0-0 10. h3 Nbd7 11. f4 Nxe5 12. dxe5 Nd5 13. Qf3 Nxc3 14. bxc3 Bxc2 15. Rf2 1-0

[Event "ZN-2017-0-03494"]
[Site "LSS email"]
[Date "2017.01.15"]
[Round "?"]
[White "Rada, Karel"]
[Black "Garcia, Javier"]
[Result "1-0"]
[WhiteElo "1089"]
[BlackElo "770"]
[PlyCount "67"]
[EventDate "2017.01.07"]
[EventType "match (corr)"]
[EventRounds "2"]
[EventCountry "GER"]
[SourceTitle "Corr 2022"]
[Source "ChessBase"]
[SourceDate "2021.10.24"]
[SourceVersion "1"]
[SourceVersionDate "2021.10.24"]
[SourceQuality "1"]

1. e4 c5 2. c3 Nc6 3. d4 cxd4 4. cxd4 g6 5. Nf3 Bg7 6. Be3 Nf6 7. Nc3 d6 8. Be2 0-0 9. Qd2 Ng4 10. 0-0-0 Nxe3 11. Qxe3 Bd7 12. h4 Bg4 13. h5 Bxf3 14. gxf3 Bxd4 15. Rxd4 Nxd4 16. Qxd4 e5 17. Qd5 Qg5+ 18. Kb1 Qg2 19. Rf1 gxh5 20. Qxd6 h4 21. Qd1 Kh8 22. Rg1 Qxf2 23. Nd5 Rad8 24. Bc4 a6 25. Rf1 Qc5 26. Bb3 b5 27. Qe1 h3 28. Qh4 Rg8 29. Qf6+ Rg7 30. Qxd8+ Rg8 31. Qf6+ Rg7 32. Ne7 h2 33. Nf5 Qg1 34. Qxg7+ 1-0

[Event "RF-2016-0-00357"]
[Site "LSS email"]
[Date "2016.12.28"]
[Round "?"]
[White "Chandler, Mark"]
[Black "Rada, Karel"]
[Result "0-1"]
[WhiteElo "1069"]
[BlackElo "1055"]
[PlyCount "70"]
[EventDate "2016.12.17"]
[EventType "tourn (corr)"]
[EventRounds "6"]
[EventCountry "GER"]
[SourceTitle "Corr 2022"]
[Source "ChessBase"]
[SourceDate "2021.10.24"]
[SourceVersion "1"]
[SourceVersionDate "2021.10.24"]
[SourceQuality "1"]

1. e4 e5 2. Nf3 Nc6 3. d4 exd4 4. Nxd4 Bc5 5. Nb3 Bb6 6. Bc4 Nf6 7. Bg5 Bxf2+ 8. Kxf2 Nxe4+ 9. Ke3 Nxg5 10. Kd2 0-0 11. Re1 d6 12. Nc3 Bf5 13. h4 Ne6 14. g4 Qxh4 15. gxf5 Qg5+ 16. Re3 Ned4 17. Ne4 Qg2+ 18. Kd3 Nxf5 19. Qd2 Ne5+ 20. Kc3 Qxd2+ 21. Nbxd2 Nxe3 22. Be2 d5 23. Nc5 b6 24. Nd3 d4+ 25. Kb3 Nc6 26. Nc4 a5 27. a4 Nb4 28. Nxb4 axb4 29. Nxe3 dxe3 30. Kxb4 g5 31. Ra3 Rfe8 32. Rd3 Ra5 33. b3 f5 34. Rd7 Rc5 35. Bc4+ Rxc4+ 0-1

[Event "RF-2016-0-00357"]
[Site "LSS email"]
[Date "2016.12.28"]
[Round "?"]
[White "Rada, Karel"]
[Black "Couspeyre, Thierry"]
[Result "1-0"]
[WhiteElo "1055"]
[BlackElo "1309"]
[PlyCount "61"]
[EventDate "2016.12.17"]
[EventType "tourn (corr)"]
[EventRounds "6"]
[EventCountry "GER"]
[SourceTitle "Corr 2022"]
[Source "ChessBase"]
[SourceDate "2021.10.24"]
[SourceVersion "1"]
[SourceVersionDate "2021.10.24"]
[SourceQuality "1"]

1. e4 g6 2. d4 Bg7 3. c4 c5 4. d5 d6 5. Bd3 Nf6 6. Nc3 0-0 7. Nf3 Na6 8. h3 Nd7 9. 0-0 Nc7 10. Bf4 a6 11. a4 b6 12. Re1 Bb7 13. Qd2 Re8 14. Bh6 Bh8 15. Nh2 e6 16. f4 Nf8 17. f5 Qd7 18. Qg5 exf5 19. exf5 Bd4+ 20. Kh1 f6 21. Qg3 g5 22. h4 Qf7 23. hxg5 Kh8 24. g6 hxg6 25. fxg6 Nxg6 26. Bxg6 Rg8 27. Bxf7 Rxg3 28. Nf3 Rg4 29. Bh5 Rag8 30. Bxg4 Rxg4 31. Re7 1-0

[Event "IECC CL0-2016.00 email"]
[Site "IECC email"]
[Date "2016.12.21"]
[Round "?"]
[White "Rada, Karel"]
[Black "Raines, David T"]
[Result "1/2-1/2"]
[WhiteElo "1055"]
[BlackElo "1096"]
[PlyCount "79"]
[EventDate "2016.11.24"]
[EventType "tourn (corr)"]
[EventRounds "4"]
[SourceTitle "Corr 2022"]
[Source "ChessBase"]
[SourceDate "2021.10.24"]
[SourceVersion "1"]
[SourceVersionDate "2021.10.24"]
[SourceQuality "1"]

1. e4 c5 2. c3 d5 3. exd5 Qxd5 4. d4 Nf6 5. Nf3 Bg4 6. Be2 Nc6 7. c4 Qd7 8. d5 Nb4 9. a3 Na6 10. Nc3 0-0-0 11. Bf4 Bxf3 12. Bxf3 Nc7 13. 0-0 e6 14. dxe6 Qxd1 15. Rfxd1 Rxd1+ 16. Rxd1 fxe6 17. Re1 Be7 18. Bxc7 Kxc7 19. Rxe6 Re8 20. g3 Bf8 21. Rxe8 Nxe8 22. Nd5+ Kc8 23. Be4 h6 24. f4 Nc7 25. Kf2 Nxd5 26. Bxd5 Be7 27. Kf3 Bf6 28. b3 b6 29. Ke4 Kd7 30. Kf5 Ke7 31. h3 Bd4 32. g4 Bb2 33. a4 Bc3 34. h4 Bd4 35. Kg6 Bc3 36. f5 Bd4 37. g5 hxg5 38. hxg5 Bc3 39. Kh7 Kf8 40. Kg6 1/2-1/2

[Event "IECC CL0-2016.00 email"]
[Site "IECC email"]
[Date "2016.12.21"]
[Round "?"]
[White "Rada, Karel"]
[Black "Trevis, Robert R"]
[Result "1-0"]
[WhiteElo "1055"]
[BlackElo "1299"]
[PlyCount "79"]
[EventDate "2016.11.24"]
[EventType "tourn (corr)"]
[EventRounds "4"]
[SourceTitle "Corr 2022"]
[Source "ChessBase"]
[SourceDate "2021.10.24"]
[SourceVersion "1"]
[SourceVersionDate "2021.10.24"]
[SourceQuality "1"]

1. e4 e5 2. Nf3 Nc6 3. Bb5 a6 4. Ba4 Nf6 5. 0-0 Nxe4 6. d4 b5 7. Bb3 d5 8. dxe5 Be6 9. c3 Nc5 10. Bc2 Bg4 11. h3 Bh5 12. Bf4 d4 13. Re1 d3 14. Bb3 Be7 15. Nbd2 0-0 16. Ne4 Nxb3 17. axb3 Qd5 18. g4 Bg6 19. Ng3 a5 20. Kg2 Rfe8 21. Nf5 Bc5 22. Kg3 f6 23. c4 bxc4 24. bxc4 Qxc4 25. Rc1 Qd5 26. exf6 Rxe1 27. Qxe1 Re8 28. Qc3 Bxf5 29. Qxc5 Be4 30. Qxd5+ Bxd5 31. fxg7 Kxg7 32. Bxc7 Bxf3 33. Kxf3 Nd4+ 34. Kg2 d2 35. Rd1 Nb3 36. Bf4 Re1 37. Rxd2 Nxd2 38. Bxd2 Re2 39. Bxa5 Re5 40. Bc3 1-0

[Event "RN-2016-0-01232"]
[Site "LSS email"]
[Date "2016.12.16"]
[Round "?"]
[White "Barros Uriburu, Nicolas"]
[Black "Rada, Karel"]
[Result "0-1"]
[WhiteElo "1068"]
[BlackElo "1055"]
[PlyCount "60"]
[EventDate "2016.12.12"]
[EventType "tourn (corr)"]
[EventRounds "6"]
[EventCountry "GER"]
[SourceTitle "Corr 2022"]
[Source "ChessBase"]
[SourceDate "2021.10.24"]
[SourceVersion "1"]
[SourceVersionDate "2021.10.24"]
[SourceQuality "1"]

1. e4 e5 2. Nc3 Nf6 3. Bc4 Nxe4 4. Bxf7+ Kxf7 5. Nxe4 d5 6. Qh5+ Kg8 7. Ng5 g6 8. Qh4 Be7 9. f4 Nc6 10. N1f3 e4 11. 0-0 exf3 12. Rxf3 Nd4 13. Re3 Bxg5 14. fxg5 Nxc2 15. Rb1 Nxe3 16. dxe3 Bf5 17. Ra1 Qe7 18. Bd2 Qe4 19. Qg3 Qe7 20. Rc1 c6 21. Bc3 Kf7 22. Bxh8 Rxh8 23. h3 Re8 24. Rc3 Qd8 25. Qh4 Kg8 26. Qb4 Qb6 27. Qxb6 axb6 28. Kf2 b5 29. b4 Re4 30. a3 Rc4 0-1